000 00583nam a2200193Ia 4500
003 GCL
008 140319s9999 xx 000 0 ara d
040 _aGCL /
_cGCL
082 0 4 _a808.068
_bع ك
100 1 _aعبدالتواب يوسف
245 1 0 _aكتب الاطفال فى عالمنا المعاصر /
_cعبدالتواب يوسف
260 _a[S.N] :
_bدار الكتاب المصرى
300 _a160 ص ؛
_c22 سم
490 _a
650 0 4 _aالادب العربى
650 0 4 _aادب الاطفال
650 0 4 _aكتب الاطفال
942 _2ddc
_cBK
999 _c54803
_d54803